000 00517nam a2200181Ia 4500
008 240729s9999 xx 000 0 und d
022 _a2222-1751
245 0 _aEmerging Microbes and Infections
260 _aUnited Kingdom
260 _bTaylor & Francis Group
650 _a Infectious and parasitic diseases | Science
650 _a Internal medicine
650 _a Microbiology
650 _aMedicine
856 _uhttps://doaj.org/toc/13347e0e7b3f4aa3b426fb32e2ea12ef
942 _2ddc
942 _cDOAJEJ
999 _c69118
_d69118
945 _a1
_bMadushi Gamage
_c1
_dMadushi Gamage